|
|
|
|
| LEADER |
00000nab a2200000 i 4500 |
| 001 |
publ171 |
| 005 |
20161130131755.0 |
| 008 |
161130s2009 hu o 000 zxx d |
| 022 |
|
|
|a 1587-5881
|
| 040 |
|
|
|a BGE Publikációtár Repozitórium
|b hun
|
| 100 |
1 |
|
|a Bodolay László
|
| 245 |
1 |
0 |
|a Friedemann Schulz von Thun néhány modelljének használata interkulturális helyzetekben
|c Bodolay László
|h [elektronikus dokumentum]
|
| 260 |
|
|
|c 2009
|
| 300 |
|
|
|a 115-122
|
| 490 |
0 |
|
|a Szakmai Füzetek
|v No. 27. sz.
|
| 650 |
|
4 |
|a média- és kommunikációs tudományok
|
| 695 |
|
|
|a Interkultúrális kommunikáció
|
| 695 |
|
|
|a Módszertan
|
| 856 |
4 |
0 |
|u https://publikaciotar.uni-bge.hu/id/eprint/171/1/szf_27_14.pdf
|z Dokumentum-elérés
|